| 000 | 00595nam a2200229 a 4500 | ||
|---|---|---|---|
| 001 | nice12345678 | ||
| 003 | IN_TiNIC | ||
| 005 | 20260116014710.0 | ||
| 008 | 111116s2011 newa grp 000 0 eng | ||
| 020 |
_a8188965219 _c375 |
||
| 082 | 0 | 0 |
_a305.40954 _bCHA4 |
| 100 | _aChaudhuri, Maitrayee | ||
| 245 | _aFeminism in India | ||
| 260 |
_aNew Delhi _bKali for Women & Women Unlimited _c2011 |
||
| 300 | _a359p | ||
| 500 | _aincludes index and biblioraphy | ||
| 505 | 2 | _aBibliography ,Contributors | |
| 650 | _aFeminism-India | ||
| 902 | _bSRS | ||
| 942 | _cBK | ||
| 999 |
_c16517 _d16517 |
||